Podniková kultúra a systém riadenia vzťahov so zákazníkmi

Podniková kultúra. Etika podnikania. Životný cyklus zákazníka - CLC. Riadenie vzťahov so zákazníkmi.

Na minha lista:
Detalhes bibliográficos
Autor principal: Bieliková, Alžbeta
Formato: Capítulo de Livro
Idioma:eslovaco
Assuntos:
Tags: Adicionar Tag
Sem tags, seja o primeiro a adicionar uma tag!

MARC

LEADER 00000naa a2200000 4500
001 0134841
005 20231120085650.0
041 0 |a slo 
044 |a SK 
245 1 0 |a Podniková kultúra a systém riadenia vzťahov so zákazníkmi  |c Alžbeta Bieliková 
520 |a Podniková kultúra. Etika podnikania. Životný cyklus zákazníka - CLC. Riadenie vzťahov so zákazníkmi. 
610 2 0 |a kultúra podniková 
610 2 0 |a etika podniková 
610 2 0 |a spokojnosť zákazníkov 
610 2 0 |a systém CRM 
100 1 |a Bieliková, Alžbeta